[Event "XXVII RUS-chT Premier 2020"]
[Site "Sochi"]
[Date "2020.11.21"]
[Round "3.24"]
[White "Faizrakhmanov, Ramil"]
[Black "Yagupov, Igor"]
[Result "1-0"]
[WhiteElo "2450"]
[BlackElo "2357"]
[Annotator "ChessBase"]
[PlyCount "101"]
[EventDate "2020.11.19"]
[EventType "team-tourn"]
[EventCountry "RUS"]
[SourceTitle "playchess.com"]
[Source "ChessBase"]
[SourceQuality "1"]
[TimeControl "40/5400+30:1800+30"]

1. d4 {[%emt 0:00:00]} d5 {[%emt 0:00:00]} 2. c4 {[%emt 0:00:00]} e6 {[%emt 0:00:00]} 3. Nf3 {[%emt 0:00:25]} Nf6 {[%emt 0:00:00]} 4. Nc3 {[%emt 0:00:38]} c6 {[%emt 0:00:15]} 5. e3 {[%emt 0:01:48]} Nbd7 {[%emt 0:02:52]} 6. Qc2 {[%emt 0:00:22]} Bd6 {[%emt 0:00:14]} 7. b3 {[%emt 0:00:23]} O-O {[%emt 0:00:24]} 8. Be2 {[%emt 0:00:21]} b6 {[%emt 0:00:12]} 9. O-O {[%emt 0:00:23]} Bb7 {[%emt 0:00:08]} 10. Bb2 {[%emt 0:00:16]} Qe7 {[%emt 0:00:11]} 11. Rad1 {[%emt 0:00:52]} Rad8 {[%emt 0:00:09]} 12. Rfe1 {[%emt 0:00:52]} Rfe8 {[%emt 0:00:46]} 13. g3 {[%emt 0:00:47]} c5 {[%emt 0:04:00]} 14. cxd5 {[%emt 0:02:23]} exd5 {[%emt 0:08:45]} 15. Bf1 {[%emt 0:02:36]} a6 16. Bg2 {[%emt 0:01:21]} Qf8 {[%emt 0:17:40]} 17. dxc5 {[%emt 0:07:01]} Nxc5 {[%emt 0:18:50]} 18. Na4 {[%emt 0:04:44]} Nxa4 {[%emt 0:02:55]} 19. Bxf6 {[%emt 0:02:00]} Rc8 {[%emt 0:00:19]} 20. Qb1 {[%emt 0:00:22]} Nc5 {[%emt 0:05:36]} 21. Bb2 {[%emt 0:02:48]} Ne4 {[%emt 0:03:31]} 22. Rc1 {[%emt 0:01:43]} Bb4 {[%emt 0:08:09]} 23. Red1 {[%emt 0:03:14]} Bc3 {[%emt 0:00:22]} 24. Nd4 {[%emt 0:01:46]} Bxb2 {[%emt 0:02:03]} 25. Qxb2 {[%emt 0:01:51]} Rxc1 {[%emt 0:00:00]} 26. Rxc1 {[%emt 0:01:14]} Rc8 27. a3 Rxc1+ {[%emt 0:04:38]} 28. Qxc1 {[%emt 0:16:38]} Qc5 29. Qb2 Qc3 {[%emt 0:10:35]} 30. Qxc3 {[%emt 0:02:07]} Nxc3 {[%emt 0:00:02]} 31. Kf1 {[%emt 0:01:16]} Kf8 {[%emt 0:03:27]} 32. Ke1 {[%emt 0:01:09]} g6 {[%emt 0:03:04]} 33. f3 {[%emt 0:09:45]} Ke7 {[%emt 0:00:29]} 34. Bf1 {[%emt 0:01:42]} Kd6 {[%emt 0:03:13]} 35. Bd3 {[%emt 0:00:58]} Bc6 {[%emt 0:02:57]} 36. Bxa6 {[%emt 0:03:21]} b5 {[%emt 0:00:14]} 37. Bc8 {[%emt 0:00:40]} Nb1 {[%emt 0:01:13]} 38. Nc2 {[%emt 0:01:01]} f5 {[%emt 0:00:32]} 39. g4 {[%emt 0:00:59]} fxg4 {[%emt 0:00:15]} 40. Bxg4 {[%emt 0:00:00]} h5 {[%emt 0:00:00]} 41. Bh3 {[%emt 0:02:37]} g5 {[%emt 0:11:05]} 42. Bf5 {[%emt 0:00:35]} d4 {[%emt 0:00:16]} 43. Nxd4 {[%emt 0:00:35]} Nxa3 {[%emt 0:00:02]} 44. Nxc6 {[%emt 0:00:14]} Kxc6 {[%emt 0:00:02]} 45. Bd3 {[%emt 0:00:08]} Kc5 {[%emt 0:01:07]} 46. f4 {[%emt 0:00:42]} gxf4 {[%emt 0:04:28]} 47. exf4 {[%emt 0:00:05]} Kd4 {[%emt 0:00:08]} 48. Kd2 {[%emt 0:00:05]} h4 {[%emt 0:00:11]} 49. h3 {[%emt 0:00:06]} b4 {[%emt 0:01:07]} 50. f5 {[%emt 0:00:06]} Ke5 {[%emt 0:00:40]} 51. Ke3 {[%emt 0:00:01]} 1-0

[Event "XXVII RUS-chT Premier 2020"]
[Site "Sochi"]
[Date "2020.11.21"]
[Round "3.25"]
[White "Triapishko, Alexandr"]
[Black "Malakhov, Vladimir"]
[Result "1/2-1/2"]
[WhiteElo "2506"]
[BlackElo "2676"]
[Annotator "TA"]
[PlyCount "27"]
[EventDate "2020.11.19"]
[EventType "team-tourn"]
[EventCountry "RUS"]
[SourceTitle "playchess.com"]
[Source "ChessBase"]
[SourceQuality "1"]

{[%evp 23,27,0,3,0,0,0]} 1. e4 e5 2. Nf3 Nc6 3. Bb5 Nf6 4. O-O Nxe4 5. d4 Nd6 6. dxe5 Nxb5 7. a4 Nbd4 8. Nxd4 Nxd4 9. Qxd4 d5 10. exd6 Qxd6 11. Qe4+ Qe6 12. Qd4 Qd6 {[#]} 13. Qe4+ $146 {C67: Ruy Lopez: Berlin Defence: 4 0-0 Nxe4.} ({Predecessor:} 13. Qe3+ Be6 14. Nc3 a6 15. Rd1 Qc6 16. Qg3 Bd6 17. Bf4 Bxf4 18. Qxf4 O-O 19. h3 Rad8 20. Rd4 Qb6 {½-½ (60) Abdusattorov,N (2627)-Tabatabaei,M (2629) Chess.com INT 2020}) 13... Qe6 14. Qd4 {A rather calm draw. Not enough moves} 1/2-1/2

[Event "XXVII RUS-chT Premier 2020"]
[Site "Sochi"]
[Date "2020.11.21"]
[Round "3.26"]
[White "Esipenko, Andrey"]
[Black "Kardashevskiy, Evgeny"]
[Result "1-0"]
[WhiteElo "2683"]
[BlackElo "2436"]
[Annotator "TA"]
[PlyCount "71"]
[EventDate "2020.11.19"]
[EventType "team-tourn"]
[EventCountry "RUS"]
[SourceTitle "playchess.com"]
[Source "ChessBase"]
[SourceQuality "1"]

{[%evp 9,71,13,18,16,22,16,18,0,0,0,0,0,0,-16,0,-12,30,7,27,14,127,94,80,95,70,73,145,139,139,144,143,91,183,176,192,210,179,171,169,178,185,185,268,149,151,166,189,189,193,205,221,214,229,225,254,239,290,281,290,296,417,410,400,392]} 1. e4 e5 2. Nf3 Nf6 3. d4 Nxe4 4. dxe5 d5 5. Nbd2 Nc5 6. Be2 {C43: Petroff Defence: 3 d4.} Be7 7. O-O O-O 8. Nb3 $5 {[%mdl 4] The position is equal. Exploring less charted territory.} Nxb3 9. axb3 c5 10. c3 Nc6 {[#]} 11. Ra4 $146 ({Predecessor:} 11. Bf4 Bf5 12. Bd3 Qd7 13. Re1 Rad8 14. h3 h6 15. Bg3 Bxd3 16. Qxd3 Qe6 17. Rad1 d4 18. Qb5 dxc3 19. bxc3 Rxd1 20. Rxd1 b6 21. Qa4 {½-½ (21) Negi,P (2621)-Giri,A (2588) Wijk aan Zee 2010}) 11... Be6 12. Bd3 f5 13. exf6 Rxf6 14. Ng5 h6 (14... Bf5 $1 $11) 15. Bh7+ Kh8 16. Nxe6 Rxe6 17. Bb1 Ne5 (17... d4 $142) 18. f4 $40 {[%mdl 128] Black is in trouble.} Nf7 19. Qd3 {[%csl Gb1][%cal Rd3h7] [#]} Kg8 20. g4 ({White should play} 20. Qh7+ Kf8 21. Bf5) 20... b5 (20... Kf8 $16 {is a better defense.}) 21. Qxb5 $18 Qb6 22. Qxb6 Rxb6 23. Rd1 d4 24. Be4 Rd8 25. Rxa7 Bf6 (25... Kf8 $142 26. Bc2 Bf6) 26. Rb7 ({White should try} 26. c4 $18) 26... Rxb7 $16 27. Bxb7 Kf8 28. cxd4 Bxd4+ 29. Kg2 Nd6 30. Bf3 Rb8 31. Bd5 Re8 32. Kf3 Rd8 33. b4 Ne8 34. Bc4 {Black must now prevent bxc5.} cxb4 (34... Nd6 $142 35. Be6 Ke7) 35. Be3 $18 Bb6 {[#]} 36. Bc5+ $1 {[%mdl 512] Weighted Error Value: White=0.09/Black=0.30} 1-0

[Event "XXVII RUS-chT Premier 2020"]
[Site "Sochi"]
[Date "2020.11.21"]
[Round "3.27"]
[White "Musalov, Ruslan"]
[Black "Inarkiev, Ernesto"]
[Result "1/2-1/2"]
[WhiteElo "2348"]
[BlackElo "2661"]
[Annotator "TA"]
[PlyCount "80"]
[EventDate "2020.11.19"]
[EventType "team-tourn"]
[EventCountry "RUS"]
[SourceTitle "playchess.com"]
[Source "ChessBase"]
[SourceQuality "1"]

{[%evp 14,80,0,-4,12,15,15,-4,0,0,1,0,2,8,28,0,27,14,28,4,20,18,20,0,19,10,15,13,9,-44,-2,-90,-89,-100,-107,-102,-88,-109,-109,-97,-106,-90,116,100,121,116,274,63,63,63,67,75,75,75,75,75,75,8,8,8,34,13,15,13,13,13,13,13,13]} 1. e4 c5 2. Nf3 e6 3. g3 Nc6 4. Bg2 Nf6 5. d3 d6 6. O-O Be7 7. Nbd2 O-O 8. Re1 e5 {Recently 8...Bd7 got a lot of attention. B30: Sicilian: 2...Nc6 3 Bb5, lines without ...g6.} 9. c3 Re8 {[#]} 10. d4 $146 ({Predecessor:} 10. a3 Bf8 11. b4 a6 12. Nc4 h6 13. Bb2 Qc7 14. Ne3 Bd7 15. Nd5 Nxd5 16. exd5 Ne7 {½-½ (25) Bernadskiy,V (2615)-Solodovnichenko,Y (2567) Neustadt an der Weinstrasse 2020}) 10... exd4 11. cxd4 cxd4 12. Nb3 Bg4 13. Nbxd4 Bf8 14. h3 Bh5 15. Qa4 d5 16. exd5 Rxe1+ 17. Nxe1 Nb4 18. g4 Bg6 19. Bg5 Qb6 20. Rd1 Bc5 21. Nef3 ({White should play} 21. a3 $11) 21... Nfxd5 {White should prevent ...h6.} 22. Re1 (22. Qb3 $11 h6 23. Bh4) 22... h6 $17 23. Re8+ Rxe8 24. Qxe8+ Kh7 25. Bd8 Qd6 {Strongly threatening ...Nf4.} 26. Nf5 Bxf5 27. gxf5 Qg3 $2 (27... Qb8 $17 {stays on course.} 28. f6 Nxf6) 28. Bh4 $16 Qd6 ({Don't go for} 28... Bxf2+ $2 29. Kh1 $18) 29. Qxf7 {aiming for a3.} Nd3 $2 (29... Nf6 $16) 30. Ng5+ $2 ({Less strong is} 30. Qxb7 Nf6 $16) ({White should try} 30. Nd2 $18 Nxf2 31. Qg6+ $1 {[%mdl 576] Zwischenzug} (31. Bxd5 Ng4+ 32. Kf1 Ne3+ {[%mdl 64] Double Attack} 33. Ke1 Nxd5 $15) 31... Qxg6 32. fxg6+ Kxg6 33. Bxf2 Bxf2+ 34. Kxf2) 30... hxg5 $14 31. Bxd5 {Intending Qg8+ and mate.} gxh4 32. Qg8+ {[#]} Kh6 $1 33. Qh8+ {[#]} Kg5 $1 34. Qxg7+ {[%mdl 64] Double Attack} Kxf5 {[#]} 35. Qh7+ {[#]} ({Better is} 35. Qg4+ $1 $16 Kf6 36. Qxh4+ Kg7 37. Qg5+ Qg6 38. Qxg6+ Kxg6 39. Be4+ {[%mdl 64] Double Attack} Kh6 40. Bxd3) 35... Kg5 $1 $11 {( -> ...Qg3+!)} 36. Qxd3 Qf4 37. Qf3 b6 {The position is equal.} 38. Qxf4+ Kxf4 39. Kg2 a5 40. a4 Bd4 {Weighted Error Value: White=0.30/Black=0.29} 1/2-1/2

[Event "XXVII RUS-chT Premier 2020"]
[Site "Sochi"]
[Date "2020.11.21"]
[Round "3.28"]
[White "Sarana, Alexey"]
[Black "Truskavetsky, Alexandr"]
[Result "1-0"]
[WhiteElo "2636"]
[BlackElo "2399"]
[Annotator "TA"]
[PlyCount "87"]
[EventDate "2020.11.19"]
[EventType "team-tourn"]
[EventCountry "RUS"]
[SourceTitle "playchess.com"]
[Source "ChessBase"]
[SourceQuality "1"]

{[%evp 19,87,38,47,24,22,11,8,2,75,49,60,57,90,33,91,115,104,91,122,98,103,85,75,61,93,94,129,126,163,149,141,136,143,142,135,141,177,195,195,145,150,172,165,164,164,164,157,100,107,19,19,19,77,59,192,184,409,426,556,556,540,525,560,521,885,881,873,858,821,814]} 1. c4 e5 2. Nc3 Nf6 3. e3 d6 4. Nf3 c6 5. Be2 Be7 6. Qc2 O-O 7. d4 Nbd7 8. O-O Re8 9. b3 Bf8 10. Bb2 a6 {[#]} 11. e4 $146 {A54: Old Indian Defence with Nf3, but without e4.} ({Predecessor:} 11. Nd2 b5 12. Bf3 Qb6 13. Nce4 Bb7 14. Nxf6+ Nxf6 15. Rfc1 c5 16. d5 g6 17. g4 Bc8 18. g5 Nd7 {0-1 (59) Plant,J (1993)-Parle,H (2057) Sydney 2020}) 11... b5 12. d5 cxd5 13. cxd5 {The position is equal.} Bb7 (13... g6 $11) 14. b4 $16 Qb8 15. Nd2 Rc8 16. Qb3 (16. Qd3 $16) 16... Be7 (16... g6 $14) 17. a4 bxa4 18. Nxa4 Bd8 19. Bd3 Nb6 20. Nc3 Nfd7 21. Ra5 Ra7 22. Rfa1 Na8 23. R5a2 Bb6 24. Na4 Bd8 25. Nc4 Nab6 26. Naxb6 Nxb6 27. Na5 Ba8 28. Bc1 Nd7 29. Qa4 Bb6 30. Nc6 Bxc6 31. dxc6 Nf6 32. Bg5 (32. Bxa6 Bd4) 32... Bd4 33. Rc1 (33. Bxa6 Bxa1 34. Rxa1 Nxe4 $15) ({White should try} 33. Bxf6 {And now Bg5 would win.} Bxa1 34. Rxa1 gxf6 35. Bxa6) 33... Ne8 34. Bxa6 (34. Bd2 $16) 34... Nc7 $11 35. b5 $36 {[%mdl 2048] White has the initiative.} Qb6 (35... Nxa6 $11 {remains equal.} 36. bxa6 Qb6) 36. Qd1 Nxa6 {[#] Loses the game.} ({Black should play} 36... Rca8 $14) 37. Qg4 $1 $18 {[%cal Rg4c8]} ({Much less strong is} 37. bxa6 $6 Bc5 $14) 37... f5 $2 (37... Rcc7 {was worth a try.}) 38. Qxf5 Rf8 {White is clearly winning.} 39. Qe6+ {[%mdl 64] Double Attack} Kh8 40. Rxa6 ({Not} 40. bxa6 Bxf2+ 41. Kh1 Bc5 $14) 40... Bxf2+ 41. Kh1 Qxb5 {[#]} 42. Rxa7 $1 {[%mdl 64] Overworked Piece} Bxa7 43. h4 Qe2 44. Kh2 {Weighted Error Value: White=0.15/Black=0.35} ({And not} 44. c7 Rf1+ 45. Kh2 Bg1+ 46. Kh1 Ba7+ 47. Rxf1 Qxf1+ 48. Kh2 Qg1+ 49. Kh3 Qh1+ 50. Kg3 Qe1+ {[%mdl 64] Double Attack} 51. Kh3 Qh1+ 52. Kg3 Qe1+ {[%mdl 64] Double Attack} 53. Kh3 Qh1+ $11) 1-0

[Event "XXVII RUS-chT Premier 2020"]
[Site "Sochi"]
[Date "2020.11.21"]
[Round "3.29"]
[White "Alexeev, Alexey"]
[Black "Popov, Ivan"]
[Result "0-1"]
[WhiteElo "2246"]
[BlackElo "2636"]
[Annotator "TA"]
[PlyCount "78"]
[EventDate "2020.11.19"]
[EventType "team-tourn"]
[EventCountry "RUS"]
[SourceTitle "playchess.com"]
[Source "ChessBase"]
[SourceQuality "1"]

{[%evp 9,78,3,7,6,6,0,26,2,8,5,18,0,0,4,20,0,10,0,0,-25,-16,-25,-22,-36,-26,-74,-25,-79,-56,-63,-62,-68,-48,-52,-55,-68,-69,-103,-96,-93,-80,-104,-85,-77,-81,-100,-102,-152,-103,-239,-227,-600,-585,-461,-552,-538,-554,-607,-550,-587,-581,-542,-550,-502,-519,-492,-490,-1183,-1136,-1270,-1269]} 1. e4 c5 2. Nf3 e6 3. g3 Nc6 4. Bg2 Nf6 5. Qe2 e5 6. O-O {B40: Sicilian: 2...e6, Unusual lines.} Be7 7. d3 h6 8. Na3 {White has an edge.} O-O 9. Nc4 d6 10. c3 Re8 11. Ne3 Bf8 12. Nh4 Be6 13. Qf3 g6 14. h3 Bg7 {[#]} 15. Kh2 $146 ({Predecessor:} 15. Re1 Ne7 16. Ng4 Nxg4 17. hxg4 Qd7 18. Nf5 gxf5 19. gxf5 Nxf5 20. exf5 Bxf5 21. Qxb7 Qxb7 22. Bxb7 {0-1 (63) De Jong,M (2310)-Bok,B (2575) Wolvega 2014}) 15... Kh7 16. Bd2 b5 17. a3 a5 18. Be1 (18. a4 $11 bxa4 19. Rxa4) 18... Rb8 19. Qe2 d5 {...d4 is the strong threat.} 20. f4 d4 21. f5 Bb3 {[#] aiming for ...g5.} 22. fxg6+ fxg6 23. Ng4 Be6 $36 {[%mdl 2048] Black has strong initiative.} 24. Nxf6+ Bxf6 25. Bf3 Qd7 26. Bg4 Bxg4 27. hxg4 Rf8 28. Bd2 Rbd8 29. Rac1 {White does not recover from this.} (29. g5 $17 {was necessary.} dxc3 30. Rxf6 Rxf6 31. gxf6) 29... dxc3 $19 30. Rxc3 $2 {[#]} (30. bxc3 c4 31. Rb1) 30... Nd4 {Black is clearly winning.} 31. Qd1 Bxh4 32. gxh4 Qe7 33. Kg3 Rxf1 34. Qxf1 Rf8 35. Qg2 Rf3+ 36. Qxf3 Nxf3 37. Kxf3 Qxh4 38. Rxc5 (38. Be3 $142 Qh3+ 39. Kf2) 38... Qh3+ 39. Ke2 Qg2+ {Weighted Error Value: White=0.48/Black=0.08} 0-1

[Event "XXVII RUS-chT Premier 2020"]
[Site "Sochi"]
[Date "2020.11.21"]
[Round "3.30"]
[White "Grachev, Boris"]
[Black "Pervakov, Sergey"]
[Result "1-0"]
[WhiteElo "2612"]
[BlackElo "2067"]
[Annotator "TA"]
[PlyCount "51"]
[EventDate "2020.11.19"]
[EventType "team-tourn"]
[EventCountry "RUS"]
[SourceTitle "playchess.com"]
[Source "ChessBase"]
[SourceQuality "1"]

{[%evp 10,51,31,32,45,22,46,33,70,68,92,75,85,79,87,87,79,59,62,53,85,86,93,88,131,125,121,125,127,121,281,275,279,272,318,323,465,457,472,427,1005,989,1309,1224]} 1. d4 g6 2. Nf3 Bg7 3. e4 d6 4. Bd3 Nf6 5. O-O O-O 6. Re1 Nc6 {B07: Pirc Defence: Miscellaneous Systems.} 7. d5 Nb8 {[%cal Bc6b8,Bb8a6,Ba6c5][%mdl 32]} 8. c4 e5 {White is slightly better.} 9. Nc3 {[#]} Na6 $146 ({Predecessor:} 9... h6 10. c5 Ne8 11. b4 f5 12. Nd2 Nd7 13. c6 bxc6 14. dxc6 Ndf6 15. Bc4+ Kh8 {0-1 (21) Tate,A (2358)-Nakamura,H (2781) Caleta 2018}) 10. Rb1 Nc5 {[#]} 11. Bc2 $1 a5 12. a3 {[%cal Ba2a3,Ba3b4][%mdl 32]} Nh5 13. b4 axb4 14. axb4 Na6 15. Bg5 Bf6 16. Be3 Be7 17. Qd2 Bg4 {[#]} 18. Bd1 $1 Nf4 19. h3 Nxh3+ $2 (19... Bd7 $16) 20. gxh3 $18 Bxh3 21. Bh6 Qd7 {( -> ...Qg4+)} 22. Ng5 Bxg5 (22... Qc8 $142 23. Bxf8 Bxf8 24. Nxh3 Qxh3) 23. Qxg5 {Threatening mate with Qf6.White is clearly winning.} ({Weaker is} 23. Bxg5 f5 $18) 23... f5 24. Re3 f4 (24... Bg4 $142 25. Bxf8 Rxf8) 25. Rxh3 Qxh3 26. Bg4 {White took control after the opening.  Weighted Error Value: White=0.06/Black=0.32} 1-0

[Event "XXVII RUS-chT Premier 2020"]
[Site "Sochi"]
[Date "2020.11.22"]
[Round "4.1"]
[White "Vitiugov, Nikita"]
[Black "Najer, Evgeniy"]
[Result "1/2-1/2"]
[WhiteElo "2722"]
[BlackElo "2648"]
[Annotator "TA"]
[PlyCount "92"]
[EventDate "2020.11.19"]
[EventType "team-tourn"]
[EventCountry "RUS"]
[SourceTitle "playchess.com"]
[Source "ChessBase"]
[SourceQuality "1"]

{[%evp 9,92,-8,-8,-6,-11,-4,-13,-4,2,9,20,0,0,0,0,0,0,-25,-18,-25,0,0,0,0,11,0,7,8,44,31,66,58,98,68,92,91,94,92,76,81,102,90,101,89,69,78,92,82,106,83,124,132,152,148,145,141,163,159,166,95,62,71,85,41,43,42,35,45,77,64,91,23,17,28,44,25,61,8,8,0,0,0,12,0,0]} 1. d4 Nf6 2. Nf3 g6 3. c4 Bg7 4. Nc3 d5 5. h4 dxc4 6. e4 {D90: Grünfeld: 4 Nf3 Bg7 sidelines.} c5 7. d5 b5 8. h5 Nxh5 9. Nxb5 O-O 10. Bxc4 Bg4 {[#]} 11. O-O $146 ({Predecessor:} 11. Qc2 Na6 12. Kf1 Nc7 13. Nc3 e6 14. Bg5 Qd7 15. Rd1 exd5 16. Nxd5 Nxd5 17. Rxd5 {½-½ (24) Rozum,I (2606)-Svidler,P (2755) Sochi 2017}) 11... Nd7 12. Be2 Qb8 13. d6 (13. Ng5 {feels hotter.} Bxe2 14. Qxe2 Nf4 15. Bxf4 Qxf4 16. Nf3) 13... exd6 14. Nxd6 Ne5 15. Nxe5 Bxe2 16. Qxe2 Qxd6 17. Nc4 Qe6 18. e5 Nf6 19. b3 Ng4 {[%cal Rg4e5]} 20. Bb2 f6 {[%cal Rg4e5]} 21. Rad1 {[#] Hoping for Rd6.} fxe5 22. Rd6 Qf5 {And now ...Qh5 would win.} 23. f3 Nh6 24. Rd5 Qf4 25. Bxe5 Rae8 26. Qe4 $36 {[%mdl 2048] White is in control.} Qxe4 27. fxe4 Rxf1+ 28. Kxf1 Bf8 29. Ke2 Nf7 30. Kd3 Nxe5+ 31. Nxe5 $16 {[%mdl 4096] Endgame KRB-KRN} Re6 32. Nd7 Rc6 33. Nxf8 Kxf8 $18 {KR-KR} 34. Rd8+ (34. Rd7 $18) 34... Ke7 $16 35. Rh8 Rd6+ 36. Kc3 h5 37. Rh7+ Kf6 38. Rxa7 Rd1 39. Ra6+ Kg5 40. Ra5 (40. a4 $16) 40... Kf4 $11 41. Rxc5 {[#] a4 is the strong threat.} Rg1 42. b4 {Black must now prevent b5.} Rxg2 43. Kb3 ({White should try} 43. a4 $1 $14 h4 44. b5) 43... Rg3+ {The position is equal.} 44. Ka4 Rg2 45. Kb3 {aiming for b5.} Rg3+ 46. Ka4 Rg2 {Black escapes into a draw.  Weighted Error Value: White=0.12/Black=0.08} 1/2-1/2

[Event "XXVII RUS-chT Premier 2020"]
[Site "Sochi"]
[Date "2020.11.22"]
[Round "4.2"]
[White "Malakhov, Vladimir"]
[Black "Matlakov, Maxim"]
[Result "0-1"]
[WhiteElo "2676"]
[BlackElo "2685"]
[Annotator "TA"]
[PlyCount "72"]
[EventDate "2020.11.19"]
[EventType "team-tourn"]
[EventCountry "RUS"]
[SourceTitle "playchess.com"]
[Source "ChessBase"]
[SourceQuality "1"]

{[%evp 9,72,6,0,0,0,0,0,-6,-10,-2,1,0,0,-1,25,0,0,0,23,-29,-43,-38,-36,-67,-66,-62,-55,-85,-62,-57,-44,-41,-33,-64,-60,-223,-145,-209,0,-241,-225,-649,-622,-1180,-1164,-1157,-1129,-29996,-29983,-29983,-29984,-29983,-29984,-29987,0,-734,-706,-29940,-12810,-2964,-701,-12551,-11218,-4598,-964]} 1. Nf3 d5 2. e3 Nf6 3. c4 e6 4. Nc3 b6 5. b3 Bb7 6. Bb2 {A17: English Opening: 1...Nf6 with ...Bb4.} Nbd7 7. cxd5 exd5 8. d4 {The position is equal.} Bd6 9. Rc1 a6 10. g3 Qe7 11. Bg2 O-O-O {[#]} 12. Qc2 $146 ({Predecessor:} 12. O-O Kb8 13. Ne2 Ne4 14. Nf4 h5 15. Nd3 f6 16. b4 Bxb4 17. Nxb4 Qxb4 18. Qc2 {½-½ (84) Mekhitarian,K (2563)-Dominguez Perez,L (2758) chess.com INT 2020}) 12... Kb8 13. O-O Ne4 14. Nxe4 ({Better is} 14. b4) 14... dxe4 $11 15. Nd2 {[%cal Rg2e4]} f5 16. Nc4 h5 17. Nxd6 Qxd6 18. f3 {[%cal Rf3e4]} Nf6 {[%cal Bd7f6,Bf6g4,Bg4h2][%mdl 32]} 19. fxe4 fxe4 20. Rf5 h4 21. Qf2 Ng4 22. Qe2 $2 (22. Qf4 $1 $15 Qxf4 23. Rxf4 Nxe3 24. gxh4) 22... Nxh2 $1 $19 23. Kxh2 hxg3+ 24. Kg1 {Threatens to win with Qg4.} Qh6 $1 {[%cal Rh6h2]} 25. Rf7 $2 ({Not} 25. Kf1 $2 Rdf8 $19) (25. Ba3 Bc8 26. Rf7) 25... Bd5 26. Rcxc7 Bxf7 27. Rxf7 Rdf8 28. Qc4 Qxe3+ 29. Kf1 Rxf7+ {[%mdl 64] Overworked Piece} 30. Qxf7 Qd3+ 31. Kg1 Qe3+ ({And not} 31... Qb1+ 32. Qf1 $11) (31... Qd2 $142 32. Bh3 Qh2+ {[%mdl 64] Double Attack} 33. Kf1 Qxh3+ 34. Ke1 Qg2 35. Qf4+ Ka8 36. Qf1 Rh1 $1 {[%mdl 512]} 37. Qxh1 Qxh1+ 38. Kd2 g2 39. Kc2 g1=Q 40. Kc3 Qh5 41. b4 Qe3+ 42. Kc2 Qd3+ 43. Kc1 Qh6#) 32. Kf1 Rc8 33. Bh3 Qd3+ 34. Kg1 {Black is clearly winning.} Qb1+ (34... Qd2 $142 35. Qf5 Qh2+ 36. Kf1 Qh1+ 37. Ke2 Rc2+ {[%mdl 64] Double Attack} 38. Ke3 Qe1+ 39. Kf4 Rf2+ {[%mdl 64] Skewer} 40. Kg4 Rxf5 41. Kxf5 Qf2+ {[%mdl 64] Double Attack} 42. Ke5 Qxb2 43. Kxe4 g2 44. Bxg2 Qxg2+ 45. Kd3 Qf3+ 46. Kd2 g5 47. d5 Qxd5+ 48. Ke3 g4 49. b4 Qf3+ 50. Kd2 g3 51. b5 g2 52. bxa6 g1=Q 53. a7+ Kxa7 54. Kc2 Qh2+ 55. Kc1 Qfh1#) 35. Kg2 Qxb2+ {[%mdl 64] Double Attack} 36. Kxg3 Qc3+ {Weighted Error Value: White=1.11/Black=0.34} (36... Rc3+ $142 37. Kh4 {[#]} g5+ $1 {[%mdl 512]} 38. Kg4 Qe2+ 39. Kxg5 Qe3+ 40. Qf4+ Qxf4+ 41. Kxf4 Rxh3 42. Kxe4 Kc7) 0-1

[Event "XXVII RUS-chT Premier 2020"]
[Site "Sochi"]
[Date "2020.11.22"]
[Round "4.3"]
[White "Fedoseev, Vladimir"]
[Black "Predke, Alexandr"]
[Result "1/2-1/2"]
[WhiteElo "2676"]
[BlackElo "2696"]
[Annotator "TA"]
[PlyCount "81"]
[EventDate "2020.11.19"]
[EventType "team-tourn"]
[EventCountry "RUS"]
[SourceTitle "playchess.com"]
[Source "ChessBase"]
[SourceQuality "1"]

{[%evp 11,81,16,14,8,15,6,8,10,8,6,9,0,24,3,6,6,3,5,12,0,0,5,16,0,10,-6,0,-14,0,-3,0,-4,-2,-10,-20,-23,0,0,0,0,0,0,0,0,0,0,0,0,0,-7,-7,-6,0,0,0,0,0,0,0,0,0,0,0,0,0,0,0,0,0,0,0,0]} 1. d4 Nf6 2. c4 e6 3. Nf3 d5 4. Nc3 Bb4 5. Qa4+ Nc6 6. e3 O-O 7. Qc2 {D38: Queen's Gambit Declined: Ragozin Defence (4 Nf3 Bb4).} Re8 8. Bd2 Bf8 9. Be2 Nb4 10. Qb1 dxc4 11. Bxc4 b6 {[#]} 12. a3 $146 ({Predecessor:} 12. O-O Bb7 13. Rd1 Qc8 14. a3 Nbd5 15. Bd3 c5 16. dxc5 Qxc5 17. Nxd5 Qxd5 18. Bc3 {½-½ (33) Carlsen,M (2863)-Ding,L (2791) chess24.com INT 2020}) 12... Ba6 13. Be2 Bxe2 14. Nxe2 Na6 15. b4 c5 16. O-O cxd4 17. Nexd4 Rc8 18. Rc1 Qd5 19. Qb3 Qxb3 20. Nxb3 Nb8 21. Bc3 Ne4 22. Be5 Nd7 23. Bc7 {[#]} Ndc5 $1 {[%mdl 512]} 24. Nxc5 {The position is equal.} (24. bxc5 Rxc7) 24... Nxc5 25. bxc5 Rxc7 26. cxb6 $1 Rxc1+ 27. Rxc1 axb6 $11 {[%mdl 4096] Endgame KRB-KRN} 28. Rb1 Bc5 29. Ne5 Ra8 30. g3 Rxa3 31. Nd7 Ra8 (31... g5 {is interesting.} 32. Nxb6 Ra7 33. Nc4 Ra4 34. Ne5 Bd6) 32. Rb5 h5 33. Nxc5 bxc5 34. Rxc5 {KR-KR} g6 35. h4 Kg7 36. Kg2 Ra2 37. Rb5 Rc2 38. Ra5 Rb2 39. Rc5 Rb8 40. Rc1 Rh8 41. Rh1 {An uneventful encounter.  Weighted Error Value: White=0.03/Black=0.02} 1/2-1/2